000 00268nam a22001217a 4500
008 181016b xxu||||| |||| 00| 0 eng d
041 _aeng
080 _a004
100 _a30
101 _ashk
245 _aIntroduction To Compueter
_cGear.C.W
942 _2udc
_cBK
999 _c49941
_d49941